| 000 | 00483nam a2200193Ia 4500 | ||
|---|---|---|---|
| 005 | 20250423100923.0 | ||
| 008 | 250422s9999 xx 000 0 und d | ||
| 020 | _a9781259254383 | ||
| 050 | _aQA 76.9.C65 .L39/ | ||
| 100 | _aLaw, Averill M. | ||
| 245 | 0 | _aSimulation modeling and analysis | |
| 250 | _a5th ed. | ||
| 260 | _aNew York | ||
| 260 | _bMcGraw-Hill Education | ||
| 260 | _c2015 | ||
| 300 | _a776 p | ||
| 650 | _a Digital computer simulation. | ||
| 942 | _cBK | ||
| 999 |
_c34744 _d34744 |
||